[Event "Volga_2013"]
[Site "Ulyanovsk"]
[Date "2014.01.05"]
[Round "5"]
[White "Chesalkin, Vladimir"]
[Black "Beldyugin, Alexey"]
[Result "1-0"]
[WhiteElo "2057"]
[BlackElo "2111"]
[PlyCount "91"]
[EventDate "2014.01.03"]
[EventRounds "9"]
[EventCountry "RUS"]

1. Nf3 d6 2. e4 Nc6 3. d4 e5 4. d5 Nce7 5. Nc3 g6 6. Bg5 Bg7 7. Qd2 h6 8. Bh4
g5 9. Bg3 f5 10. exf5 Nxf5 11. Bb5+ Bd7 12. Qd3 Nge7 13. O-O-O O-O 14. Bxd7
Qxd7 15. Nd2 Ng6 16. Nde4 a6 17. f3 b5 18. Kb1 b4 19. Ne2 a5 20. Bf2 a4 21. g3
Ra5 22. h4 gxh4 23. g4 Nfe7 24. c4 bxc3 25. N4xc3 a3 26. b3 Bf6 27. Be3 Kg7 28.
Qd2 Ng8 29. Ne4 Raa8 30. g5 hxg5 31. Bxg5 Qf5 32. Rdg1 Bxg5 33. Rxg5 Qxf3 34.
Rxg6+ Kxg6 35. Rg1+ Kf5 36. Rg5+ Kxe4 37. Nc3+ Qxc3 38. Qxc3 Rf1+ 39. Kc2 Rf2+
40. Kd1 Raf8 41. Qc4+ Ke3 42. Rg1 R8f4 43. Re1+ Kf3 44. Qd3+ Kg4 45. Rg1+ Kh5
46. Qg6# 1-0

[Event "Volga_2013"]
[Site "Ulyanovsk"]
[Date "2014.01.05"]
[Round "5"]
[White "Makarenko, Vladimir"]
[Black "Golubchikov, Alexey"]
[Result "1/2-1/2"]
[WhiteElo "1905"]
[BlackElo "1783"]
[PlyCount "51"]
[EventDate "2014.01.03"]
[EventRounds "9"]
[EventCountry "RUS"]

1. Nf3 d5 2. c4 c6 3. cxd5 cxd5 4. g3 Nf6 5. Bg2 Bf5 6. O-O e6 7. d4 Nc6 8. Nc3
Be7 9. Nh4 Bg6 10. Bg5 Qb6 11. Nxg6 hxg6 12. e4 dxe4 13. Nxe4 Rd8 14. Bxf6 gxf6
15. d5 exd5 16. Nc3 d4 17. Nd5 Qa5 18. Qb3 Rd7 19. Rae1 O-O 20. Rxe7 Rxe7 21.
Nxe7+ Nxe7 22. Qxb7 Nf5 23. Qb3 Re8 24. Bf3 Kg7 25. a3 Qd2 26. Bg4 1/2-1/2

[Event "Volga_2013"]
[Site "Ulyanovsk"]
[Date "2014.01.05"]
[Round "5"]
[White "Shukurov, Eldar"]
[Black "Nikonova, Irina"]
[Result "1/2-1/2"]
[WhiteElo "1797"]
[BlackElo "1924"]
[PlyCount "142"]
[EventDate "2014.01.03"]
[EventRounds "9"]
[EventCountry "RUS"]

1. d4 d6 2. e4 Nf6 3. Nc3 c6 4. Nf3 Bg4 5. Be2 e6 6. h3 Bxf3 7. Bxf3 Be7 8. O-O
O-O 9. d5 cxd5 10. exd5 e5 11. Qd3 Na6 12. Ne4 Nd7 13. g4 Nac5 14. Qe2 Nxe4 15.
Bxe4 Nc5 16. Kh2 Bg5 17. b4 Nxe4 18. Qxe4 Bxc1 19. Raxc1 Qg5 20. Qe3 Qg6 21. f4
exf4 22. Rxf4 Rfe8 23. Qf2 Qg5 24. Rf1 Qe5 25. Kg1 f6 26. c4 Qc3 27. h4 Re3 28.
g5 Rg3+ 29. Kh2 Rh3+ 30. Kg2 Re8 31. Rg4 Qd3 32. Rd4 Re2 33. Rxd3 Rxf2+ 34.
Kxf2 Rxd3 35. gxf6 Rd4 36. fxg7 Rxc4 37. Ke3 Rxb4 38. Rf6 Rb6 39. Kf4 Kxg7 40.
Kf5 Rb2 41. Rxd6 Rf2+ 42. Kg5 Rf7 43. Re6 Rd7 44. d6 Kf7 45. Kf5 b5 46. Ke5 a5
47. Rf6+ Ke8 48. Ke6 Rg7 49. Rf5 Rg6+ 50. Kd5 Rg1 51. Kc5 b4 52. Re5+ Kd8 53.
Re7 h5 54. Rh7 Rg2 55. Rxh5 Rxa2 56. Rh8+ Kd7 57. Rh7+ Kd8 58. h5 b3 59. h6
Rc2+ 60. Kd4 Rd2+ 61. Kc3 Rxd6 62. Rh8+ Kc7 63. h7 Rb6 64. Rf8 b2 65. h8=Q b1=Q
66. Qg7+ Kc6 67. Rf6+ Kb5 68. Qd7+ Ka6 69. Qc8+ Ka7 70. Qc7+ Ka6 71. Qc8+ Ka7
1/2-1/2

[Event "Volga_2013"]
[Site "Ulyanovsk"]
[Date "2014.01.05"]
[Round "5"]
[White "Kharlampiev, Aleksander"]
[Black "Kolosov, Anatoly"]
[Result "0-1"]
[WhiteElo "1748"]
[BlackElo "1918"]
[PlyCount "62"]
[EventDate "2014.01.03"]
[EventRounds "9"]
[EventCountry "RUS"]

1. e4 Nf6 2. Nc3 e5 3. Nf3 Nc6 4. Bc4 Bc5 5. d3 d6 6. h3 h6 7. O-O O-O 8. a3 a6
9. Be3 Nd4 10. Bxd4 exd4 11. Ne2 c6 12. Nfxd4 Bxd4 13. Nxd4 Qb6 14. Ne2 Qxb2
15. f4 Qb6+ 16. Kh1 d5 17. exd5 cxd5 18. Bb3 Re8 19. Ng1 Bd7 20. Rb1 Qd6 21. a4
d4 22. Qd2 Nh5 23. Rfe1 Nxf4 24. Rf1 g5 25. g3 Bc6+ 26. Kh2 Nd5 27. Qf2 Re3 28.
Qxf7+ Kh8 29. Rf3 Rxf3 30. Qxf3 Rf8 31. Qe2 Nc3 0-1

[Event "Volga_2013"]
[Site "Ulyanovsk"]
[Date "2014.01.05"]
[Round "5"]
[White "Abdurahmanov, Afer"]
[Black "Parshakov, Vladimir"]
[Result "0-1"]
[WhiteElo "1682"]
[BlackElo "1918"]
[PlyCount "79"]
[EventDate "2014.01.03"]
[EventRounds "9"]
[EventCountry "RUS"]

1. g3 e5 2. Bg2 d5 3. c3 c5 4. d3 Nc6 5. Nf3 h6 6. O-O Nf6 7. Qc2 Bf5 8. Nh4
Be6 9. Nd2 Qd7 10. e4 Bh3 11. exd5 Bxg2 12. Nxg2 Nxd5 13. Ne4 f5 14. Nd2 O-O-O
15. Nc4 g5 16. Rd1 f4 17. Qe2 Bg7 18. Bd2 Rhf8 19. Qf1 fxg3 20. hxg3 Rf7 21.
Nce3 Rdf8 22. Be1 Nde7 23. Qe2 Qh3 24. Qg4+ Qxg4 25. Nxg4 h5 26. Nh2 Ng6 27.
Rab1 h4 28. b4 cxb4 29. cxb4 Nd4 30. gxh4 gxh4 31. Rbc1+ Kb8 32. Rc4 Bh6 33.
Ng4 Nf3+ 34. Kh1 h3 35. Nxh6 hxg2+ 36. Kxg2 Nxe1+ 37. Rxe1 Rxf2+ 38. Kg1 Rxa2
39. Rg4 Nf4 40. Rxe5 0-1

[Event "Volga_2013"]
[Site "Ulyanovsk"]
[Date "2014.01.05"]
[Round "5"]
[White "Schankin, Sergei"]
[Black "Belokhlebov, Alexey"]
[Result "1/2-1/2"]
[WhiteElo "1682"]
[BlackElo "1893"]
[PlyCount "140"]
[EventDate "2014.01.03"]
[EventRounds "9"]
[EventCountry "RUS"]

1. e4 c5 2. Nf3 Nc6 3. d4 cxd4 4. Nxd4 g6 5. Nc3 Bg7 6. Be3 Nf6 7. Bc4 d6 8. h3
O-O 9. O-O a6 10. a4 Bd7 11. Qd2 Re8 12. f4 Rc8 13. Ba2 Qc7 14. Rad1 Na5 15.
Rfe1 Kf8 16. Bf2 Nc4 17. Bxc4 Qxc4 18. e5 dxe5 19. fxe5 Ng8 20. Qf4 Bh6 21. Qf3
Bc6 22. Qg4 Red8 23. Rd3 Bg7 24. b3 h5 25. Qh4 Rxd4 26. Bxd4 Qe6 27. Qf2 Nh6
28. Ne4 Bxe4 29. Rxe4 Nf5 30. Bb2 Bh6 31. g4 hxg4 32. hxg4 Nd6 33. Rb4 a5 34.
exd6 axb4 35. dxe7+ Qxe7 36. Rh3 Bg7 37. Bxg7+ Kxg7 38. Qd4+ f6 39. Re3 Qc7 40.
Qxb4 Kg8 41. c3 Qc6 42. Qd4 Kf7 43. c4 Rh8 44. Qe4 Qd7 45. Rd3 Qe7 46. Qxe7+
Kxe7 47. b4 Rh4 48. Rd4 f5 49. Kg2 fxg4 50. Kg3 Rh3+ 51. Kxg4 Rb3 52. c5 Rb1
53. Kg5 Rg1+ 54. Rg4 Ra1 55. Re4+ Kf7 56. Rd4 Ke7 57. Kxg6 Rxa4 58. Kf5 Ra1 59.
Ke5 Re1+ 60. Kd5 Kd7 61. Kc4+ Kc7 62. Kb5 Re7 63. Kc4 b6 64. cxb6+ Kxb6 65.
Rd6+ Kb7 66. Rd5 Re4+ 67. Kb5 Re7 68. Ka5 Rh7 69. b5 Rg7 70. Rd6 Rh7 1/2-1/2

[Event "Volga_2013"]
[Site "Ulyanovsk"]
[Date "2014.01.05"]
[Round "5"]
[White "Terentiev, Alexander"]
[Black "Pegov, Valery"]
[Result "1-0"]
[WhiteElo "1854"]
[BlackElo "1674"]
[PlyCount "67"]
[EventDate "2014.01.03"]
[EventRounds "9"]
[EventCountry "RUS"]

1. d4 d6 2. c4 g6 3. Nc3 Nf6 4. e4 Bg7 5. Nf3 a6 6. Bd3 O-O 7. Bf4 Nc6 8. d5 e5
9. Bg5 Nb8 10. Qd2 Nbd7 11. h4 Nc5 12. Bb1 Bg4 13. Nh2 Qc8 14. b4 Ncxe4 15.
Nxe4 Nxe4 16. Bxe4 f5 17. Nxg4 fxe4 18. Qe2 h5 19. Ne3 Qe8 20. Qc2 a5 21. b5 c6
22. a4 Rc8 23. Qxe4 cxb5 24. axb5 Qf7 25. O-O b6 26. Ra2 Kh7 27. f3 Qc7 28.
Raf2 Qc5 29. Rd1 Rce8 30. g4 hxg4 31. Nxg4 Rf5 32. Ne3 Bf6 33. Nxf5 Bxg5 34.
hxg5 1-0

[Event "Volga_2013"]
[Site "Ulyanovsk"]
[Date "2014.01.05"]
[Round "5"]
[White "Sinicin, Vladimir"]
[Black "Agapchev, Andrey"]
[Result "1/2-1/2"]
[WhiteElo "1675"]
[BlackElo "1678"]
[PlyCount "57"]
[EventDate "2014.01.03"]
[EventRounds "9"]
[EventCountry "RUS"]

1. d4 e6 2. c4 f5 3. Nf3 Nf6 4. Bg5 Be7 5. Nc3 c6 6. e3 d5 7. Ne5 O-O 8. Bd3
Ne4 9. Bxe7 Qxe7 10. O-O Nd7 11. Qc2 Kh8 12. f3 Nxc3 13. bxc3 Nxe5 14. dxe5
dxc4 15. Bxc4 Qc5 16. Qd3 Qxe5 17. Rad1 b5 18. Bb3 Bb7 19. f4 Qc5 20. Kf2 e5
21. g3 exf4 22. gxf4 Qe7 23. Qd7 Qh4+ 24. Kg1 Rab8 25. Rf2 c5 26. Bc2 Qg4+ 27.
Kf1 Qh3+ 28. Ke2 Qg4+ 29. Kf1 1/2-1/2

[Event "Volga_2013"]
[Site "Ulyanovsk"]
[Date "2014.01.05"]
[Round "5"]
[White "Privezentsev, Alexey S"]
[Black "Breskanu, Nikita"]
[Result "1/2-1/2"]
[WhiteElo "1546"]
[BlackElo "1585"]
[PlyCount "83"]
[EventDate "2014.01.03"]
[EventRounds "9"]
[EventCountry "RUS"]

1. d4 d5 2. e3 Nf6 3. f4 Bg4 4. Nf3 e6 5. Bd3 c5 6. c3 Nc6 7. O-O Be7 8. Bd2
cxd4 9. exd4 Qb6 10. Qc2 Bxf3 11. Rxf3 e5 12. fxe5 Nxe5 13. Rg3 Nxd3 14. Rxd3
O-O 15. Rg3 Ne4 16. Rh3 Rac8 17. Be3 f5 18. Nd2 Bg5 19. Bxg5 Nxg5 20. Rd3 f4
21. Rf1 Rce8 22. Nf3 Ne4 23. Kh1 Qh6 24. Kg1 Rf5 25. Ne5 Qb6 26. Ng4 Ref8 27.
Rh3 Ng5 28. Rh5 Nf3+ 29. Rxf3 Rxh5 30. Kh1 Qe6 31. Ne5 Qh6 32. h3 Qa6 33. a3
Qe6 34. Qf2 Rxe5 35. dxe5 Qxe5 36. Qd2 g5 37. Rd3 Rd8 38. Rd4 h6 39. c4 Rd6 40.
Rxd5 Rxd5 41. cxd5 Qd6 42. Qd3 1/2-1/2

[Event "Volga_2013"]
[Site "Ulyanovsk"]
[Date "2014.01.05"]
[Round "6"]
[White "Ulanov, Alexandr"]
[Black "Mirzaev, Aziz"]
[Result "1/2-1/2"]
[WhiteElo "2415"]
[BlackElo "2271"]
[PlyCount "65"]
[EventDate "2014.01.03"]
[EventRounds "9"]
[EventCountry "RUS"]

1. d4 d5 2. Nf3 Nf6 3. c4 e6 4. Nc3 c6 5. e3 Nbd7 6. Qc2 Bd6 7. g4 Nxg4 8. Rg1
Nxh2 9. Nxh2 Bxh2 10. Rxg7 Nf8 11. Rg2 Bc7 12. e4 dxe4 13. Nxe4 Qxd4 14. Bd2 f5
15. Bc3 Qxe4+ 16. Qxe4 fxe4 17. Bxh8 Ng6 18. Bc3 Bf4 19. Bd2 e5 20. Bxf4 exf4
21. Rh2 Bg4 22. Rxh7 O-O-O 23. Bh3 Bxh3 24. Rxh3 Ne5 25. Rd1 Rxd1+ 26. Kxd1
Nxc4 27. Rh8+ Kc7 28. Rh7+ Kc8 29. b3 Nb6 30. Rh8+ Kd7 31. Rh7+ Kc8 32. Rh8+
Kd7 33. Rh7+ 1/2-1/2

[Event "Volga_2013"]
[Site "Ulyanovsk"]
[Date "2014.01.05"]
[Round "6"]
[White "Yakimkin, Igor"]
[Black "Chesalkin, Vladimir"]
[Result "1/2-1/2"]
[WhiteElo "2242"]
[BlackElo "2057"]
[PlyCount "99"]
[EventDate "2014.01.03"]
[EventRounds "9"]
[EventCountry "RUS"]

1. e4 c5 2. Nf3 Nc6 3. d4 cxd4 4. Nxd4 Nf6 5. Nc3 e5 6. Ndb5 d6 7. Bg5 a6 8.
Na3 b5 9. Bxf6 gxf6 10. Nd5 f5 11. c3 fxe4 12. Bxb5 axb5 13. Nxb5 Be6 14. Nbc7+
Kd7 15. Nxa8 Bxd5 16. Qxd5 Qxa8 17. Qxe4 Qa6 18. b4 Ne7 19. a4 f5 20. Qe3 Qc4
21. Rc1 h5 22. Qe2 Qxe2+ 23. Kxe2 Bh6 24. Rc2 Nd5 25. Rb1 Nb6 26. a5 Nc4 27.
Ra2 Ra8 28. b5 Rxa5 29. Rxa5 Nxa5 30. Ra1 Nb7 31. Ra8 Bg5 32. Rh8 h4 33. Rh5
Bf6 34. Rxf5 Ke6 35. Rh5 d5 36. Rh7 Be7 37. g3 hxg3 38. fxg3 Nc5 39. Rh6+ Kf5
40. b6 d4 41. cxd4 exd4 42. Rh5+ Kg6 43. Rd5 d3+ 44. Kd1 Kf6 45. g4 Ke6 46. Rh5
Bd6 47. g5 Bf4 48. Rh3 Bxg5 49. Rh5 Be3 50. Rxc5 1/2-1/2

[Event "Volga_2013"]
[Site "Ulyanovsk"]
[Date "2014.01.05"]
[Round "6"]
[White "Samborskiy, Vadim"]
[Black "Dobrocmyslov, Artem"]
[Result "1-0"]
[WhiteElo "2049"]
[BlackElo "1929"]
[PlyCount "85"]
[EventDate "2014.01.03"]
[EventRounds "9"]
[EventCountry "RUS"]

1. e4 e5 2. Nf3 Nf6 3. Nxe5 Nxe4 4. Qe2 Qe7 5. Qxe4 d6 6. d4 dxe5 7. dxe5 Nc6
8. Bb5 Bd7 9. Nc3 Qb4 10. O-O Qxe4 11. Nxe4 O-O-O 12. Bf4 Nd4 13. Bd3 h6 14.
Be3 Bc6 15. Rad1 Ne6 16. f4 Bxe4 17. Bxe4 Bc5 18. Kf2 g6 19. g3 h5 20. b3 a6
21. Bd5 Be7 22. Ke2 c6 23. Bxe6+ fxe6 24. Rxd8+ Rxd8 25. Rd1 Rf8 26. h3 Kc7 27.
Rf1 Rh8 28. Kf3 Bb4 29. Rd1 Be7 30. c4 b6 31. Kg2 a5 32. g4 a4 33. gxh5 gxh5
34. Kf3 axb3 35. axb3 Ra8 36. f5 Rf8 37. f6 Bc5 38. Rg1 Bxe3 39. Rg7+ Kd8 40.
Kxe3 Rh8 41. Ra7 Re8 42. b4 Kc8 43. f7 1-0

[Event "Volga_2013"]
[Site "Ulyanovsk"]
[Date "2014.01.05"]
[Round "6"]
[White "Beldyugin, Alexey"]
[Black "Kolosov, Anatoly"]
[Result "1-0"]
[WhiteElo "2111"]
[BlackElo "1918"]
[PlyCount "73"]
[EventDate "2014.01.03"]
[EventRounds "9"]
[EventCountry "RUS"]

1. d4 Nf6 2. Nf3 d5 3. c4 e6 4. g3 Bb4+ 5. Bd2 Bxd2+ 6. Nbxd2 Nbd7 7. Bg2 c6 8.
O-O O-O 9. Qc2 Re8 10. e4 dxe4 11. Nxe4 Nxe4 12. Qxe4 Nf6 13. Qc2 Qa5 14. Rfe1
g6 15. a3 Qf5 16. Qb3 Ne4 17. Qe3 Nd6 18. Qh6 f6 19. Rac1 Nf7 20. Qd2 g5 21. h4
g4 22. Nh2 Qg6 23. Nf1 Rd8 24. Qc3 e5 25. d5 c5 26. b4 cxb4 27. axb4 f5 28. c5
f4 29. Be4 Bf5 30. Bxf5 Qxf5 31. Qc4 Rac8 32. Rcd1 Kg7 33. Qe4 Kf6 34. Qxf5+
Kxf5 35. gxf4 exf4 36. d6 Ne5 37. Rd5 1-0

[Event "Volga_2013"]
[Site "Ulyanovsk"]
[Date "2014.01.05"]
[Round "6"]
[White "Chugunov, Vyacheslav"]
[Black "Makarenko, Vladimir"]
[Result "0-1"]
[WhiteElo "1952"]
[BlackElo "1905"]
[PlyCount "58"]
[EventDate "2014.01.03"]
[EventRounds "9"]
[EventCountry "RUS"]

1. d3 e5 2. e4 d5 3. exd5 Qxd5 4. Nc3 Bb4 5. Bd2 Bxc3 6. bxc3 Nf6 7. Nf3 O-O 8.
c4 Qd6 9. Bc3 Nc6 10. Be2 Bg4 11. O-O Rad8 12. h3 Bh5 13. Nd2 Bxe2 14. Qxe2 Nd4
15. Bxd4 exd4 16. Qf3 b6 17. a4 a5 18. Nb3 Rfe8 19. Rfe1 Rxe1+ 20. Rxe1 Qb4 21.
Re5 Qxa4 22. g4 h6 23. g5 hxg5 24. Rxg5 Nh7 25. Rg4 Nf8 26. Nxd4 Rxd4 27. Rg3
Qd7 28. Qh5 Rd6 29. Kh1 Rg6 0-1

[Event "Volga_2013"]
[Site "Ulyanovsk"]
[Date "2014.01.05"]
[Round "6"]
[White "Golubchikov, Alexey"]
[Black "Terentiev, Alexander"]
[Result "1-0"]
[WhiteElo "1783"]
[BlackElo "1854"]
[PlyCount "83"]
[EventDate "2014.01.03"]
[EventRounds "9"]
[EventCountry "RUS"]

1. e4 c5 2. c3 d5 3. exd5 Qxd5 4. d4 cxd4 5. cxd4 e6 6. Nc3 Qd8 7. Nf3 Nf6 8.
Bd3 Be7 9. O-O O-O 10. Bf4 Nc6 11. Re1 g6 12. Bh6 Re8 13. Bc2 a6 14. a4 Ng4 15.
Bf4 Qb6 16. b3 Bb4 17. Qd3 Rd8 18. Rad1 Qa5 19. Bd2 e5 20. h3 Bf5 21. Ne4 Bxe4
22. Rxe4 f5 23. Re2 Bxd2 24. Qxd2 Nf6 25. Qxa5 Nxa5 26. Rxe5 Nc6 27. Re2 Nd5
28. Red2 Ncb4 29. Bd3 Nc3 30. Bc4+ Kg7 31. Re1 Ne4 32. Rde2 Nc6 33. Bd3 Nc5 34.
dxc5 Rxd3 35. Re3 Rd5 36. b4 Nxb4 37. Re7+ Kg8 38. Rxb7 Nc2 39. Ree7 Rxc5 40.
Rg7+ Kh8 41. Rxh7+ Kg8 42. Ng5 1-0

[Event "Volga_2013"]
[Site "Ulyanovsk"]
[Date "2014.01.05"]
[Round "6"]
[White "Parshakov, Vladimir"]
[Black "Shukurov, Eldar"]
[Result "1-0"]
[WhiteElo "1918"]
[BlackElo "1797"]
[PlyCount "49"]
[EventDate "2014.01.03"]
[EventRounds "9"]
[EventCountry "RUS"]

1. e4 c5 2. Nf3 Nc6 3. d4 cxd4 4. Nxd4 Nf6 5. Nc3 d6 6. Bg5 e6 7. f4 Be7 8. Qd2
O-O 9. O-O-O Nxd4 10. Qxd4 e5 11. fxe5 Ne8 12. Bxe7 Qxe7 13. exd6 Nxd6 14. Qxd6
Qg5+ 15. Qd2 Qa5 16. Kb1 Bg4 17. Nd5 Qc5 18. Be2 Be6 19. g4 Rac8 20. g5 Bxd5
21. exd5 Rfe8 22. d6 Rcd8 23. d7 Re4 24. Bf3 Ra4 25. Rhe1 1-0

[Event "Volga_2013"]
[Site "Ulyanovsk"]
[Date "2014.01.05"]
[Round "6"]
[White "Agapchev, Andrey"]
[Black "Schankin, Sergei"]
[Result "1-0"]
[WhiteElo "1678"]
[BlackElo "1682"]
[PlyCount "39"]
[EventDate "2014.01.03"]
[EventRounds "9"]
[EventCountry "RUS"]

1. d4 Nf6 2. Nf3 e6 3. Bf4 Be7 4. e3 O-O 5. Bd3 c5 6. c3 d5 7. Nbd2 Nc6 8. Ne5
Nxe5 9. dxe5 Nd7 10. Qg4 Re8 11. Nf3 Nf8 12. h4 g6 13. h5 Bd7 14. hxg6 fxg6 15.
O-O-O Qa5 16. Bxg6 hxg6 17. Qh3 Qxa2 18. Qh8+ Kf7 19. Rh7+ Nxh7 20. Qxh7+ 1-0

[Event "Volga_2013"]
[Site "Ulyanovsk"]
[Date "2014.01.05"]
[Round "6"]
[White "Belokhlebov, Alexey"]
[Black "Kharlampiev, Aleksander"]
[Result "1-0"]
[WhiteElo "1893"]
[BlackElo "1748"]
[PlyCount "77"]
[EventDate "2014.01.03"]
[EventRounds "9"]
[EventCountry "RUS"]

1. d4 c6 2. c4 d5 3. e3 Bf5 4. Nc3 e6 5. Nf3 Nf6 6. cxd5 exd5 7. Bd3 Bg6 8. O-O
Bd6 9. Ne5 Nbd7 10. f4 Bxd3 11. Qxd3 O-O 12. Bd2 Kh8 13. a3 c5 14. Rab1 c4 15.
Qf5 g6 16. Qh3 Ne4 17. Nxe4 dxe4 18. Nxd7 Re8 19. Ne5 Bxe5 20. fxe5 Kg7 21. Bb4
Qb6 22. Rf6 Qb5 23. Rbf1 h5 24. Rxf7+ Kg8 25. Qg3 Re6 26. R1f6 Rxf6 27. Rxf6
Qd7 28. Qxg6+ Qg7 29. Qxh5 a5 30. Rg6 axb4 31. Rxg7+ Kxg7 32. Qg5+ Kf7 33. Qf5+
Kg8 34. axb4 Ra1+ 35. Kf2 Ra2 36. Qe6+ Kh7 37. Qxc4 Rxb2+ 38. Kg3 Rxg2+ 39.
Kxg2 1-0

[Event "Volga_2013"]
[Site "Ulyanovsk"]
[Date "2014.01.05"]
[Round "6"]
[White "Peruhin, Anatoliy"]
[Black "Abdurahmanov, Afer"]
[Result "1-0"]
[WhiteElo "1609"]
[BlackElo "1682"]
[PlyCount "89"]
[EventDate "2014.01.03"]
[EventRounds "9"]
[EventCountry "RUS"]

1. b4 e6 2. Bb2 Ne7 3. c4 Ng6 4. b5 f6 5. e3 d5 6. d4 dxc4 7. Bxc4 Bd6 8. Nf3
Qe7 9. O-O Nd7 10. a4 Nb6 11. Bd3 Bd7 12. e4 c6 13. Nc3 e5 14. bxc6 Bxc6 15. d5
Bd7 16. a5 Nc8 17. Qb3 Bg4 18. Nd2 b6 19. Nb5 bxa5 20. Nxd6+ Qxd6 21. Nc4 Qb8
22. Qa2 Nf4 23. Qa3 Qb4 24. f3 Bd7 25. Rfd1 Qxa3 26. Bxa3 Nxd3 27. Rxd3 Bb5 28.
Rc3 a4 29. Rac1 Kf7 30. Ne3 Re8 31. Rc7+ Kg6 32. Nf5 Rg8 33. Rxc8 Rgxc8 34.
Rxc8 Rxc8 35. Ne7+ Kf7 36. Nxc8 a6 37. Nd6+ Kg6 38. Nxb5 axb5 39. Kf2 Kf7 40.
d6 Ke8 41. Ke3 Kd7 42. Kd3 g6 43. Kc3 f5 44. Bc5 fxe4 45. fxe4 1-0

[Event "Volga_2013"]
[Site "Ulyanovsk"]
[Date "2014.01.05"]
[Round "6"]
[White "Breskanu, Nikita"]
[Black "Sinicin, Vladimir"]
[Result "1/2-1/2"]
[WhiteElo "1585"]
[BlackElo "1675"]
[PlyCount "58"]
[EventDate "2014.01.03"]
[EventRounds "9"]
[EventCountry "RUS"]

1. Nf3 Nf6 2. d4 d5 3. Bg5 e6 4. e3 c5 5. c4 h6 6. Bh4 Nc6 7. Nc3 Bd6 8. cxd5
cxd4 9. exd4 Nb4 10. dxe6 Bxe6 11. a3 Nbd5 12. Bb5+ Ke7 13. Nxd5+ Bxd5 14. O-O
g5 15. Bg3 a6 16. Bd3 Re8 17. Ne5 Kf8 18. f4 Qb6 19. Bc2 gxf4 20. Bxf4 Bxe5 21.
Bxe5 Rxe5 22. Rxf6 Qxf6 23. dxe5 Qxe5 24. Qd2 Qg5 25. Qxg5 hxg5 26. Rd1 Bc6 27.
Bf5 Re8 28. Kf2 Bb5 29. Bd3 Bc6 1/2-1/2

[Event "Volga_2013"]
[Site "Ulyanovsk"]
[Date "2014.01.05"]
[Round "6"]
[White "Pegov, Valery"]
[Black "Logunova, Elizaveta"]
[Result "0-1"]
[WhiteElo "1674"]
[BlackElo "1642"]
[PlyCount "72"]
[EventDate "2014.01.03"]
[EventRounds "9"]
[EventCountry "RUS"]

1. e4 c6 2. d4 d5 3. f3 e6 4. Nc3 Bb4 5. Qd3 dxe4 6. fxe4 Nd7 7. Bd2 Ngf6 8.
O-O-O a5 9. e5 Bxc3 10. Qxc3 Ne4 11. Qf3 Nxd2 12. Rxd2 Qe7 13. h4 Nb6 14. g4
Nd5 15. Nh3 b5 16. Nf4 Bd7 17. g5 b4 18. Nd3 a4 19. Nc5 a3 20. Ne4 axb2+ 21.
Kxb2 Ra3 22. Rd3 Nc3 23. Nd6+ Kf8 24. Rxc3 Rxc3 25. Qf4 Be8 26. Bc4 Qa7 27. Bb3
Rg8 28. Rf1 g6 29. Bxe6 Rg7 30. Bb3 Qa3+ 31. Kb1 f5 32. exf6 Ra7 33. Nxe8 Rxb3+
34. cxb3 Qxa2+ 35. Kc1 Qa1+ 36. Kd2 Qc3+ 0-1

[Event "Volga_2013"]
[Site "Ulyanovsk"]
[Date "2014.01.06"]
[Round "7"]
[White "Ulanov, Alexandr"]
[Black "Yakimkin, Igor"]
[Result "1-0"]
[WhiteElo "2415"]
[BlackElo "2242"]
[PlyCount "67"]
[EventDate "2014.01.03"]
[EventRounds "9"]
[EventCountry "RUS"]

1. d4 Nf6 2. Nf3 g6 3. Nbd2 d5 4. e3 Bg7 5. b4 O-O 6. c4 c6 7. a4 Bf5 8. Bb2
Nbd7 9. Be2 dxc4 10. Nxc4 Nb6 11. O-O Nxc4 12. Bxc4 Rc8 13. Ne5 Nd7 14. Qb3
Nxe5 15. dxe5 Qc7 16. f4 Rcd8 17. Rad1 e6 18. Bd4 Be4 19. Be2 Rfe8 20. Qc4 Bf8
21. Bc5 Bd5 22. Qc2 Bxc5 23. bxc5 f5 24. exf6 e5 25. f5 Qf7 26. fxg6 hxg6 27.
Qc3 Ra8 28. Bg4 Be6 29. Bf3 Bb3 30. Rd6 Bxa4 31. Bg4 Rad8 32. Be6 Rxe6 33.
Rxd8+ Kh7 34. Qb4 1-0

[Event "Volga_2013"]
[Site "Ulyanovsk"]
[Date "2014.01.06"]
[Round "7"]
[White "Mirzaev, Aziz"]
[Black "Beldyugin, Alexey"]
[Result "1-0"]
[WhiteElo "2271"]
[BlackElo "2111"]
[PlyCount "53"]
[EventDate "2014.01.03"]
[EventRounds "9"]
[EventCountry "RUS"]

1. d4 Nf6 2. c4 e6 3. g3 Bb4+ 4. Bd2 Bxd2+ 5. Qxd2 d5 6. Bg2 O-O 7. Nf3 b6 8.
O-O Bb7 9. Ne5 Qc8 10. cxd5 Bxd5 11. f3 Rd8 12. Rc1 Nfd7 13. Nxf7 Kxf7 14. Qf4+
Kg8 15. Rxc7 Qa6 16. Nc3 Qa5 17. Qd6 Na6 18. Rxd7 Rxd7 19. Qxd7 Qb4 20. Rd1
Qxb2 21. Nxd5 Qxe2 22. Rf1 Qxa2 23. Qxe6+ Kh8 24. Rc1 Rd8 25. Rc8 Qa1+ 26. Bf1
Qxd4+ 27. Kh1 1-0

[Event "Volga_2013"]
[Site "Ulyanovsk"]
[Date "2014.01.06"]
[Round "7"]
[White "Chesalkin, Vladimir"]
[Black "Parshakov, Vladimir"]
[Result "0-1"]
[WhiteElo "2057"]
[BlackElo "1918"]
[PlyCount "112"]
[EventDate "2014.01.03"]
[EventRounds "9"]
[EventCountry "RUS"]

1. d4 Nf6 2. c4 e6 3. g3 d5 4. Bg2 c6 5. Nf3 Be7 6. O-O O-O 7. b3 b6 8. Bb2 Bb7
9. Nbd2 Nbd7 10. Ne5 Rc8 11. e4 dxe4 12. Nxe4 Nxe4 13. Bxe4 Nf6 14. Bg2 Qc7 15.
Qe2 c5 16. Bxb7 Qxb7 17. Rad1 Rfd8 18. Rd3 cxd4 19. Bxd4 Qe4 20. Qxe4 Nxe4 21.
Rfd1 f6 22. Nf3 e5 23. Be3 Nc3 24. Rxd8+ Rxd8 25. Rxd8+ Bxd8 26. a4 Kf7 27. Kf1
Ke6 28. Ke1 Kf5 29. Kd2 Ne4+ 30. Kd3 Nxf2+ 31. Bxf2 e4+ 32. Ke3 exf3 33. Kxf3
Be7 34. a5 Bc5 35. g4+ Ke5 36. Be1 Kd4 37. h4 Kd3 38. h5 g6 39. b4 Bd4 40. c5
bxc5 41. b5 c4 42. b6 Bxb6 43. axb6 axb6 44. Bh4 g5 45. Bf2 b5 46. Bc5 c3 47.
Ba3 c2 48. Bc1 b4 49. Bb2 b3 50. h6 Kd2 51. Bxf6 c1=Q 52. Bxg5+ Kd1 53. Bxc1
Kxc1 54. g5 b2 55. g6 b1=Q 56. g7 Qf5+ 0-1

[Event "Volga_2013"]
[Site "Ulyanovsk"]
[Date "2014.01.06"]
[Round "7"]
[White "Makarenko, Vladimir"]
[Black "Samborskiy, Vadim"]
[Result "0-1"]
[WhiteElo "1905"]
[BlackElo "2049"]
[PlyCount "90"]
[EventDate "2014.01.03"]
[EventRounds "9"]
[EventCountry "RUS"]

1. e4 e5 2. d4 exd4 3. Qxd4 Nc6 4. Qe3 Nf6 5. Nc3 Bb4 6. Bd2 O-O 7. O-O-O Re8
8. Bc4 d6 9. f3 Na5 10. Be2 Be6 11. Nh3 Nc4 12. Bxc4 Bxc4 13. Qg5 c6 14. a3 Re5
15. Qg3 Ba5 16. f4 Nxe4 17. Nxe4 Rxe4 18. Bxa5 Qxa5 19. Rxd6 Bd5 20. Ng5 Re2
21. Rd1 Rxc2+ 22. Kb1 Rd2 23. Rc1 Qb5 24. Qc3 Ba2+ 25. Kxa2 Rxd6 26. Re1 h6 27.
Nf3 Rad8 28. Ne5 Qd5+ 29. Qb3 Qxb3+ 30. Kxb3 Re6 31. f5 Ree8 32. Kc3 Rd5 33.
Nf3 Rxe1 34. Nxe1 Rxf5 35. Kd3 Rf2 36. b3 Rb2 37. Kc3 Re2 38. Nd3 Rxg2 39. Nc5
b6 40. Ne4 Rxh2 41. Nd6 Kf8 42. Nc8 Ke8 43. Nxa7 Kd7 44. b4 Rh3+ 45. Kb2 b5 0-1

[Event "Volga_2013"]
[Site "Ulyanovsk"]
[Date "2014.01.06"]
[Round "7"]
[White "Golubchikov, Alexey"]
[Black "Belokhlebov, Alexey"]
[Result "1/2-1/2"]
[WhiteElo "1783"]
[BlackElo "1893"]
[PlyCount "117"]
[EventDate "2014.01.03"]
[EventRounds "9"]
[EventCountry "RUS"]

1. e4 e5 2. Nf3 d6 3. d4 exd4 4. Nxd4 Nf6 5. Nc3 Nc6 6. Nxc6 bxc6 7. Bc4 Be7 8.
Be3 O-O 9. f3 Be6 10. Bb3 a5 11. Qd2 c5 12. Bxe6 fxe6 13. O-O-O Nd7 14. Qf2 Qb8
15. h4 Nb6 16. Bg5 Bf6 17. Bxf6 Rxf6 18. g4 Nc4 19. b3 Ne5 20. f4 Nxg4 21. Qg3
h5 22. Rd2 Rf7 23. Rg2 Qb4 24. Rhg1 Raf8 25. Rf1 c4 26. Rf3 cxb3 27. cxb3 Qc5
28. Rc2 Qd4 29. Rd3 Qb4 30. Rf3 c5 31. f5 Ne5 32. Rff2 exf5 33. Rxf5 Rxf5 34.
exf5 Rxf5 35. Qh3 Qf4+ 36. Kb2 g6 37. Nb5 a4 38. Qc3 axb3 39. axb3 Nc6 40. Qe1
Ne5 41. Qd1 Nf7 42. Rd2 Rf6 43. Qe1 Kg7 44. Nc7 Kh6 45. Nd5 Qf5 46. Qe3+ Kg7
47. Nxf6 Qxf6+ 48. Qc3 Ne5 49. Rh2 Kh7 50. Ka2 Qf1 51. Qh3 Qa6+ 52. Kb2 c4 53.
bxc4 Qxc4 54. Ka1 Qc1+ 55. Ka2 Qc4+ 56. Qb3 Qa6+ 57. Qa3 Qc4+ 58. Qb3 Qa6+ 59.
Qa3 1/2-1/2